Personnages de Rick et Morty par images. - Statistiques

Statistiques générales
  • Ce quiz a été pris 1 079 fois
    720 depuis la dernière actualisation
  • Le résultat moyen est 10 sur 16
Statistiques - réponses
Par images Réponse % Correct
Rick
100%
Morty
99%
Jerry
86%
Summer
86%
Beth
80%
Monsieur Boite à Caca
73%
Condorman
68%
Le président Curtis
67%
Evil Morty
66%
Jessica
63%
Prout
45%
Squanchy
35%
Mecanisman
34%
Tammy Guterman
29%
Dr Wong
26%
Monsieur Goldenfold
18%
Aucun quiz correspondant
Distribution des résultats
% des personnes avec chaque résultat
Percentile par nombre de réponses
Votre historique - résultats
Vous n’avez pas pris ce quiz depuis la dernière actualisation